Vklady stále dominují finančním aktívům

Rast finančných aktív domácností. Aktíva v nefinančnej podobe. Najväčšie úspory v podobe finančných aktív na jedného obyvateľa majú USA. Zmeny v štruktúre finančných aktív. Vplyv bohatstva na sklon k riziku. Faktory vplývajúce na rast bankových vkladov.

Na minha lista:
Detalhes bibliográficos
Formato: Capítulo de Livro
Idioma:tcheco
Assuntos:
Tags: Adicionar Tag
Sem tags, seja o primeiro a adicionar uma tag!

MARC

LEADER 00000naa$a2200000$$$4500
001 0068799
005 20231010094619.8
041 0 |a cze 
044 |a CZ 
245 1 0 |a Vklady stále dominují finančním aktívům 
520 |a Rast finančných aktív domácností. Aktíva v nefinančnej podobe. Najväčšie úspory v podobe finančných aktív na jedného obyvateľa majú USA. Zmeny v štruktúre finančných aktív. Vplyv bohatstva na sklon k riziku. Faktory vplývajúce na rast bankových vkladov. 
610 2 0 |a vklady 
610 2 0 |a banky 
610 2 0 |a aktíva 
610 2 0 |a nástroje finančné 
610 2 0 |a bohatstvo